Journal of the history of sexuality /

Guardat en:
Dades bibliogràfiques
Autor principal: Kueflel, Mattew
Format: Publicació Periòdica
Idioma:anglès
Publicat: Austin (TX) University of Texas Press
Col·lecció:Journal of the history of sexuality
Etiquetes: Afegir etiqueta
Sense etiquetes, Sigues el primer a etiquetar aquest registre!

MARC

LEADER 00000nas a2200000 4500
001 CDOM0000002230
003 mi
005 20250910105740.0
008 250910b |||||||| |||| 00| 0 eng d
011 |a 1043-4070 
040 |c mi 
100 |a Kueflel, Mattew 
245 1 |a Journal of the history of sexuality /  |c Edited by Mattew Kuefler 
260 |a Austin (TX)  |b University of Texas Press 
300 |a vol.  |c 23 cm. 
490 |a Journal of the history of sexuality 
942 |2 ddc  |c CR 
952 |0 0  |1 0  |2 ddc  |4 0  |6 B_JHSX  |7 1  |9 8606  |a MI  |b MI  |d 2006-04-15  |i P12/2005-14.3-1  |l 0  |o B-JHSX  |p CDOMP12/2005-14.3-1  |r 2025-07-17 21:50:00  |w 2025-07-17  |x ACQUISTO  |y CR 
999 |c 7159  |d 7159